Možnosti zhodnocovania finančných prostriedkov na kapitálovom trhu bakalárska práca

Saved in:
Bibliographic Details
Main Author: Hvizda, Tomáš
Corporate Author: Fakulta podnikového manažmentu EU. Katedra podnikových financií
Other Authors: Škriniar, Pavel, 1979-
Format: Book
Language:Slovak
Published: Bratislava 2018
Tags: Add Tag
No Tags, Be the first to tag this record!

MARC

LEADER 00000nbm a2200000 4500
001 0244964
005 20180927103246.9
041 0 |a slo 
044 |a SK 
245 1 0 |a Možnosti zhodnocovania finančných prostriedkov na kapitálovom trhu  |b bakalárska práca  |c Tomáš Hvizda ; školiteľ: Pavel Škriniar 
264 1 |a Bratislava  |c 2018 
300 |a 51 s. 
100 1 |a Hvizda, Tomáš 
700 1 |a Škriniar, Pavel, 1979- 
710 2 |a Fakulta podnikového manažmentu EU. Katedra podnikových financií